| 000 | 01650nam a2200325 i 4500 | ||
|---|---|---|---|
| 001 | 154062 | ||
| 003 | ES-MaACL | ||
| 005 | 20230906205514.0 | ||
| 008 | 931025s1626 sp a |||| | spa d | ||
| 080 | _a342.518(460) | ||
| 080 | _a32(460)"1598/1621" | ||
| 100 | 1 |
_aFernández Navarrete, Pedro. _949952 |
|
| 245 | 1 | 0 |
_aConservacion de monarquias y discursos politicos sobre la gran consulta que el Consejo hizo al señor rey don Felipe tercero... / _cpor... Pedro Fernandez Navarrete... |
| 260 |
_aEn Madrid : _ben la Imprenta Real, _c1626. |
||
| 300 |
_a[10], 344 p. ; _cFol. |
||
| 505 | 8 | _aContiene: Carta de Lelio Peregrino a Stanislao Borbio, priuado de rey de Polonia / Pedro Fernandez Nauarrete, p. 313-340 | |
| 530 | _aDisponible en formato digital. | ||
| 595 | _aHay diferentes estados de esta ed.: unos ejemp. con port. grab. calc. y otros con port. tip. | ||
| 597 | _aSign.: [ ]1, 2[calderón]4, A-Z6, 2A-2D6, 2E8, 2F2. | ||
| 597 | _aTexto a dos col. fileteado. | ||
| 599 | _aPort. grab. calc.: "F.Agus. Leonardo Inuen. Alardo de Popmor sculp." | ||
| 610 | 2 | 4 |
_aConsejo Real de Castilla. _9155193 |
| 650 | 4 |
_aMonarquía- _zEspaña- _yS.XVII. _9148390 |
|
| 651 | 4 |
_aEspaña- _xHistoria- _y1598-1621, Felipe III. _98234 |
|
| 700 | 1 |
_aLeonardo, Agustín. _9128882 |
|
| 700 | 1 |
_aPopmor, Alardo de. _9131281 |
|
| 852 | 4 |
_aES-MaACL _jR-2657 _x- Olim: B-10806 _z- Enc. pasta |
|
| 856 | 4 |
_uhttps://repositorio.bde.es/handle/123456789/3096 _zRepositorio Institucional del Banco de España |
|
| 856 | 4 |
_uhttps://patrimoniodocumental.icam.es/es/consulta/registro.do?id=87570 _zBiblioteca del Ilustre Colegio de Abogados de Madrid |
|
| 999 |
_c154062 _d154062 |
||